000 00600cam a22002293a 4500
001 17642
003 PGUSA
005 20140828083357.0
008 060131s2006||||xxu|||||s|||||000 1 eng d
040 _aPGUSA
_beng
042 _adc
050 4 _aPR
100 1 _aConrad, Joseph,
_d1857-1924
245 1 0 _aRomance
_h[electronic resource] /
_cJoseph Conrad
260 _bProject Gutenberg,
_c2006
506 _aPublic domain in the USA.
516 _aElectronic text
653 _aFiction
830 0 _aProject Gutenberg
_v17642
856 4 0 _uhttp://www.gutenberg.org/ebooks/17642
942 _cEB
999 _c246897
_d246897